000
00332nam a2200157Ia 4500
003
OSt
005
20231109072534.0
008
170524s9999 xx 000 0 und d
020
_a
1-85076-926-5
040
_c
IIMT
100
_a
Donovan
245
0
_a
Eat better feel better
260
_b
Apple
260
_c
2004
942
_2
ddc
_c
02
999
_c
7168
_d
7168